| 000 | 00670nam a22002177a 4500 | ||
|---|---|---|---|
| 001 | 84849 | ||
| 003 | BD-RjUL | ||
| 005 | 20250423144728.0 | ||
| 008 | 250423s1973 ii ||||| |||| 00| 0 urd d | ||
| 035 | _a(BD-RjUL)84849 | ||
| 040 |
_aBD-RjUL _beng _cBD-RjUL |
||
| 041 | _aurd | ||
| 082 |
_223 _a891.43914092 _bSAI 1973 |
||
| 100 |
_aسرور، آل احمد ;; Sarwar, Al-Ahmad _912398 |
||
| 245 | 1 | 0 |
_aعرفان غالب ;; / Irfan Ghalib / _cآل احمد سرور ;; All Ahmad Sarwar |
| 260 |
_aعلی گرڑہ ;; Ali Garh : _bشعبہ اردو , _c1973 |
||
| 300 |
_a299 p. ; _c22 cm |
||
| 600 |
_aGhalib , Mirja _915051 |
||
| 650 | _aBiography | ||
| 942 |
_2ddc _cBK |
||
| 999 |
_c84849 _d84849 |
||